000 00309nam a22001337a 4500
008 171005b xxu||||| |||| 00| 0 eng d
020 _a0683045105
041 _aeng
080 _a159.9
100 _a49
101 _aPSI
245 _aCOMPREHENSIVE TEXBOOK OF PSYCHIATRY
_cKAPLAN.H.I
942 _2udc
_cBK
999 _c32137
_d32137